000 00316nam a2200145Ia 4500
100 _aBaklarz/ George/ Wong/ Bill
942 _cBK
654 _aComputer
245 _aDB2: Universal Database V.7.1 for Unix
260 _bnone
082 _a5.74
_bBAK/WON
300 _a385
546 _aENGLISH
999 _c20059
_d20059